Poslední dny : elita, kontraelita a cesta k rozpadu politiky /

Hlavní autor: Turchin, Peter, 1957-
Další autoři: Tomeček, Marek, 1976-
Jazyk: Čeština
Vydáno: Praha : Argo, 2024
Vydání: Vydání první
Edice: Crossover
Témata:
Fyzický popis: 299 stran ; 21 cm
Knihy
Uloženo v:
LEADER 02634nam a2200733 i 4500
001 nkc20243643614
003 CZ PrNK
005 20251111085325.0
007 ta
008 241118s2024 xr e f 001 0 cze
015 |a cnb003643614 
020 |a 978-80-257-4524-3  |q (brožováno) 
035 |a (OCoLC)1498300232 
040 |a OLA001  |b cze  |e rda 
041 1 |a cze  |h eng 
043 |a n-us--- 
072 7 |a 316.4  |x Sociální procesy  |2 Konspekt  |9 18 
080 |a 316.344.42  |2 MRF 
080 |a 316.344.42:32  |2 MRF 
080 |a 321.01-025.16  |2 MRF 
080 |a 364.614  |2 MRF 
080 |a 316.422.6  |2 MRF 
080 |a 323:328.16  |2 MRF 
080 |a 328/329  |2 MRF 
080 |a (73)  |2 MRF 
080 |a (048.8)  |2 MRF 
100 1 |a Turchin, Peter,  |d 1957-  |7 jn20020521002  |4 aut 
240 1 0 |a End times.  |l Česky 
245 1 0 |a Poslední dny :  |b elita, kontraelita a cesta k rozpadu politiky /  |c Peter Turchin ; přeložil Marek Tomeček 
250 |a Vydání první 
264 1 |a Praha :  |b Argo,  |c 2024 
300 |a 299 stran ;  |c 21 cm 
336 |a text  |b txt  |2 rdacontent 
337 |a bez média  |b n  |2 rdamedia 
338 |a svazek  |b nc  |2 rdacarrier 
490 1 |a Crossover ;  |v 16 
500 |a Přeloženo z angličtiny 
504 |a Obsahuje bibliografii, bibliografické odkazy a rejstřík 
650 0 7 |a společenské elity  |7 ph116240  |2 czenas 
650 0 7 |a politické elity  |7 ph115784  |2 czenas 
650 0 7 |a politická stabilita  |7 ph297033  |2 czenas 
650 0 7 |a sociální nerovnost  |7 ph125796  |2 czenas 
650 0 7 |a krize (společnost)  |7 ph747045  |2 czenas 
650 0 7 |a politická krize  |7 ph137745  |2 czenas 
650 0 9 |a social elites  |2 eczenas 
650 0 9 |a political elites  |2 eczenas 
650 0 9 |a political stability  |2 eczenas 
650 0 9 |a social inequality  |2 eczenas 
650 0 9 |a social crisis  |2 eczenas 
650 0 9 |a political crisis  |2 eczenas 
651 7 |a Spojené státy americké  |7 ge128584  |x politika a vláda  |2 czenas 
651 9 |a United States  |x politics and government  |2 eczenas 
653 0 |a kliodynamika 
655 7 |a studie  |7 fd133597  |2 czenas 
655 9 |a studies  |2 eczenas 
700 1 |a Tomeček, Marek,  |d 1976-  |7 xx0026997  |4 trl 
830 0 |a Crossover  |0 s 
910 2 |a BOA001  |b 2-1536.628 
990 |a BK 
995 |a 01 
991 |b 202411  |c NOV 
996 7 |b 2610986751  |c 2-1536.628  |l Vol.výběr  |r VV 0p  |n 6  |p kup  |h 321 TUR  |w 001986255  |u 000020  |a 0  |e BOA001  |j MZK50  |s A 
996 6 |b 2610988084  |c 2-1536.628  |l MZK  |r Sklad / do 1 hodiny  |n 9  |p p.v.  |w 001986255  |u 000010  |a 1  |e BOA001  |j MZK50  |s P 
996 7 |b 2611017630  |c 2-1536.628  |l Vol.výběr  |r VV 0p  |n 1  |p kup  |h 321 TUR  |w 001986255  |u 000030  |a 0  |e BOA001  |j MZK50  |s A